<?xml version="1.0" encoding="UTF-8"?>
<record
    xmlns:xsi="http://www.w3.org/2001/XMLSchema-instance"
    xsi:schemaLocation="http://www.loc.gov/MARC21/slim http://www.loc.gov/standards/marcxml/schema/MARC21slim.xsd"
    xmlns="http://www.loc.gov/MARC21/slim">

  <leader>00719nam a22001337a 4500</leader>
  <datafield tag="040" ind1=" " ind2=" ">
    <subfield code="c">RUA</subfield>
  </datafield>
  <datafield tag="082" ind1=" " ind2=" ">
    <subfield code="a">AGR NEA 2022 B1-406 Or.</subfield>
  </datafield>
  <datafield tag="100" ind1=" " ind2=" ">
    <subfield code="a">NEANG REAKSMEY,&#x1793;&#x17B6;&#x1784; &#x179A;&#x179F;&#x17D2;&#x1798;&#x17B8;</subfield>
  </datafield>
  <datafield tag="245" ind1=" " ind2=" ">
    <subfield code="a">GROWTH AND YIELD VARIABILTY OF TOMATO (Solanum lycopersicum) UNDER THE USE OF MYCORRHIZA,&#x1794;&#x1798;&#x17D2;&#x179A;&#x17C2;&#x1794;&#x1798;&#x17D2;&#x179A;&#x17BD;&#x179B;&#x1780;&#x17B6;&#x179A;&#x179B;&#x17BC;&#x178F;&#x179B;&#x17B6;&#x179F;&#x17CB; &#x1793;&#x17B7;&#x1784;&#x1791;&#x17B7;&#x1793;&#x17D2;&#x1793;&#x1795;&#x179B;&#x1793;&#x17C3;&#x178A;&#x17C6;&#x178E;&#x17B6;&#x17C6;&#x1794;&#x17C9;&#x17C1;&#x1784;&#x1794;&#x17C9;&#x17C4;&#x17C7;(Solanum lycopersicum) &#x178F;&#x17B6;&#x1798;&#x179A;&#x1799;&#x17C8;&#x1780;&#x17B6;&#x179A;&#x1794;&#x17D2;&#x179A;&#x17BE;&#x1794;&#x17D2;&#x179A;&#x17B6;&#x179F;&#x17CB;&#x1795;&#x17D2;&#x179F;&#x17B7;&#x178F;&#x200B;MYCORRHIZA</subfield>
  </datafield>
  <datafield tag="260" ind1=" " ind2=" ">
    <subfield code="a">phnom penh</subfield>
    <subfield code="b">rua</subfield>
    <subfield code="c">2022</subfield>
  </datafield>
  <datafield tag="300" ind1=" " ind2=" ">
    <subfield code="a">ix.20p.</subfield>
    <subfield code="b">ill.</subfield>
    <subfield code="c">29cm.</subfield>
  </datafield>
  <datafield tag="856" ind1=" " ind2=" ">
    <subfield code="u">https://drive.google.com/file/d/1MRhDNZT5GgJU2p6FfOe94OTGbe6COVdk/view?usp=sharing</subfield>
  </datafield>
  <datafield tag="942" ind1=" " ind2=" ">
    <subfield code="c">AGR</subfield>
  </datafield>
  <datafield tag="999" ind1=" " ind2=" ">
    <subfield code="c">24232</subfield>
    <subfield code="d">24232</subfield>
  </datafield>
  <datafield tag="952" ind1=" " ind2=" ">
    <subfield code="0">0</subfield>
    <subfield code="1">0</subfield>
    <subfield code="4">0</subfield>
    <subfield code="6">AGR_NEA_2022_000000000000000_B1406_OR</subfield>
    <subfield code="7">0</subfield>
    <subfield code="9">103056</subfield>
    <subfield code="a">LBB</subfield>
    <subfield code="b">LBB</subfield>
    <subfield code="c">B1.406</subfield>
    <subfield code="d">2025-02-13</subfield>
    <subfield code="o">AGR NEA 2022 B1-406 Or.</subfield>
    <subfield code="p">a079678</subfield>
    <subfield code="r">2025-02-13</subfield>
    <subfield code="y">AGR</subfield>
  </datafield>
  <datafield tag="952" ind1=" " ind2=" ">
    <subfield code="0">0</subfield>
    <subfield code="1">0</subfield>
    <subfield code="4">0</subfield>
    <subfield code="6">AGR_NEA_2022_000000000000000_B1406_OR</subfield>
    <subfield code="7">0</subfield>
    <subfield code="9">103057</subfield>
    <subfield code="a">LBB</subfield>
    <subfield code="b">LBB</subfield>
    <subfield code="c">B1.406</subfield>
    <subfield code="d">2025-02-13</subfield>
    <subfield code="o">AGR NEA 2022 B1-406 Or.</subfield>
    <subfield code="p">a079686</subfield>
    <subfield code="r">2025-02-13</subfield>
    <subfield code="y">AGR</subfield>
  </datafield>
  <datafield tag="952" ind1=" " ind2=" ">
    <subfield code="0">0</subfield>
    <subfield code="1">0</subfield>
    <subfield code="4">0</subfield>
    <subfield code="6">AGR_NEA_2022_000000000000000_B1406_OR</subfield>
    <subfield code="7">0</subfield>
    <subfield code="9">103058</subfield>
    <subfield code="a">LBB</subfield>
    <subfield code="b">LBB</subfield>
    <subfield code="c">B1.406</subfield>
    <subfield code="d">2025-02-13</subfield>
    <subfield code="o">AGR NEA 2022 B1-406 Or.</subfield>
    <subfield code="p">a079690</subfield>
    <subfield code="r">2025-02-13</subfield>
    <subfield code="y">AGR</subfield>
  </datafield>
</record>
